Les pays contenant entre 0 % et 10 % de chiites - Statistiques

Statistiques générales
  • Ce quiz a été pris 43 fois
  • Le résultat moyen est 62 sur 150
Statistiques - réponses
Hint Réponse % Correct
0,49 % France
88%
0,22 % Espagne
76%
3,88 % Algérie
71%
0,17 % Canada
68%
1,97 % Maroc
68%
0,03 % Brésil
65%
0,79 % Russie
65%
4,45 % Oman
62%
0,45 % Allemagne
59%
0,12 % Chine
59%
0,24 % États-Unis
59%
0,11 % Italie
59%
0,97 % Libye
59%
0,04 % Portugal
59%
1,98 % Tunisie
59%
0,19 % Argentine
56%
0,01 % Colombie
56%
0,02 % Corée du Sud
56%
2,51 % Inde
56%
0,02 % Japon
56%
0,03 % Mexique
56%
0,25 % Royaume-Uni
56%
0,25 % Afrique du Sud
53%
9,23 % Arabie Saoudite
53%
0,17 % Australie
53%
0,07 % Chili
53%
0,85 % Égypte
53%
0,00 % Pérou
53%
2,89 % Serbie
53%
1,43 % Soudan
53%
0,05 % Venezuela
53%
9,67 % Albanie
50%
0,00 % Corée du Nord
50%
0,56 % Indonésie
50%
0,01 % Islande
50%
1,88 % Jordanie
50%
0,99 % Mauritanie
50%
2,71 % Niger
50%
0,31 % Norvège
50%
0,42 % Suède
50%
0,57 % Autriche
47%
0,77 % Grèce
47%
0,11 % Irlande
47%
2,49 % Kazakhstan
47%
0,31 % Madagascar
47%
8,07 % Mali
47%
4,58 % Ouzbékistan
47%
0,77 % Pays-Bas
47%
0,00 % Pologne
47%
0,22 % République du Congo
47%
0,99 % Somalie
47%
0,63 % Suisse
47%
3,53 % Turkménistan
47%
0,57 % Belgique
44%
0,56 % Danemark
44%
2,06 % Guinée
44%
0,01 % Lesotho
44%
2,10 % Nigeria
44%
0,09 % Nouvelle-Zélande
44%
0,00 % Paraguay
44%
8,20 % Qatar
44%
0,12 % Roumanie
44%
4,38 % Sénégal
44%
4,20 % Tadjikistan
44%
9,17 % Tchad
44%
4,35 % Bangladesh
41%
0,04 % Biélorussie
41%
0,00 % Bolivie
41%
1,21 % Bulgarie
41%
0,00 % Équateur
41%
0,07 % Finlande
41%
0,00 % Guatemala
41%
0,24 % Mongolie
41%
0,06 % Namibie
41%
0,71 % Panama
41%
0,00 % Slovaquie
41%
0,29 % Slovénie
41%
1,82 % Tanzanie
41%
0,09 % Thaïlande
41%
0,00 % Uruguay
41%
0,00 % Angola
38%
0,38 % Arménie
38%
0,97 % Djibouti
38%
0,05 % Estonie
38%
1,60 % Géorgie
38%
2,42 % Ghana
38%
6,72 % Guinée-Bissau
38%
0,65 % Guinée Équatoriale
38%
1,32 % Guyana
38%
0,04 % Hongrie
38%
5,05 % Israël
38%
0,49 % Kenya
38%
0,92 % Malaisie
38%
0,01 % Nicaragua
38%
2,19 % Suriname
38%
0,34 % Ukraine
38%
0,54 % Bénin
35%
0,45 % Birmanie
35%
0,00 % Chypre
35%
0,98 % Comores
35%
1,13 % Côte d'Ivoire
35%
0,92 % Croatie
35%
1,65 % Île Maurice
35%
0,03 % Lituanie
35%
0,16 % Luxembourg
35%
1,64 % Mozambique
35%
0,58 % Népal
35%
0,64 % Ouganda
35%
0,06 % Taïwan
35%
8,32 % Togo
35%
0,00 % Vatican
35%
0,17 % Zambie
35%
0,12 % Zimbabwe
35%
0,04 % Botswana
32%
0,22 % Burundi
32%
0,01 % Cuba
32%
0,49 % Érythrée
32%
0,74 % Gabon
32%
0,02 % Honduras
32%
0,06 % Lettonie
32%
2,57 % Liberia
32%
0,88 % Moldavie
32%
0,64 % Philippines
32%
2,04 % Rwanda
32%
6,89 % Sierra Leone
32%
0,00 % Costa Rica
29%
0,34 % Éthiopie
29%
1,73 % Gambie
29%
0,00 % République tchèque
29%
0,00 % Salvador
29%
1,44 % Sri Lanka
29%
1,45 % Burkina Faso
26%
0,35 % Cambodge
26%
3,21 % Cameroun
26%
0,44 % Cap-Vert
26%
0,01 % Jamaïque
26%
0,02 % Laos
26%
0,29 % Macédoine
26%
1,47 % Malawi
26%
0,00 % Papouasie-Nouvelle-Guinée
26%
2,94 % Singapour
26%
0,17 % Bhoutan
24%
2,34 % République Centrafricaine
24%
0,00 % République dominicaine
24%
0,10 % Swaziland
24%
3,88 % Bosnie-Herzégovine
18%
1,15 % Trinité-et-Tobago
15%
0,17 % République démocratique du Congo
9%
1,95 % Kirghizstan
6%
0,12 % Vietname
3%
Aucun quiz correspondant
Distribution des résultats
% des personnes avec chaque résultat
Percentile par nombre de réponses
Votre historique - résultats
Vous n’avez pas pris ce quiz